000 nam a22 7a 4500
999 _c8218
_d8218
008 171212b xxu||||| |||| 00| 0 eng d
100 _aSON
_94645
245 _aLittle Steps
260 _aNew Delhi
_c2005